000 00483nam a22001697a 4500
005 20251108172755.0
008 250721s2001 xx 000 0 ara d
082 1 4 _a598.9/ديا
100 1 _aدياب، تيسير
245 1 0 _aأسرار الصقور في عاصمة الصقور /
264 1 _aعمان :
_bمكتبة المبتدأ و الخبر،
_c2001.
300 _a111 ص
650 1 7 _aالجوارح
650 1 7 _aالصقور
942 _2ddc
_cBK
999 _c88158
_d88158